Airlines Serving Quebec City (YQB) - Statistics

General Stats
  • This quiz has been taken 140 times
    105 since last reset
  • The average score is 6 of 11
Answer Stats
Airline % Correct
Air Canada
100%
Air France
77%
American Airlines
74%
WestJet
73%
Air Transat
68%
United Airlines
65%
Sunwing Airlines
55%
Porter Airlines
45%
Air Inuit
39%
PAL Airlines
26%
Pascan Aviation
24%
No matching quizzes found
Score Distribution
Percent of People with Each Score
Percentile by Number Answered
Your Score History
You have not taken this quiz since the last reset